James Bond cast - sudden death - Statistics

General Stats
  • This quiz has been taken 1,357 times
  • The average score is 10 of 16
Answers on the Grid
Answers color-coded by a green-red scale on the quiz's grid according to % correct below.
Ursula Andress
Arnold Schwarzenegger
Harrison Ford
Roger Moore
Clint Eastwood
Meryl Streep
Christopher Lee
Macaulay Culkin
Danny DeVito
Bernard Lee
Leonardo DiCaprio
Timothy Dalton
Mike Myers
Halle Berry
Steve Buscemi
Telly Savalas
Lois Maxwell
Judi Dench
Richard Kiel
Simon Pegg
George Lazenby
John Cleese
Desmond Llewelyn
Anna Nicole Smith
Steven Berkoff
Dennis Hopper
Daniel Craig
Martin Freeman
George Kennedy
Robert Patrick
Sean Connery
Dwayne Johnson
 
Answer Stats
Answer % Correct
James Bond Roger Moore
91%
James Bond Daniel Craig
84%
James Bond Sean Connery
84%
James Bond Timothy Dalton
84%
Honey Ryder Ursula Andress
81%
M Judi Dench
77%
James Bond George Lazenby
76%
Jinx Halle Berry
76%
Scaramanga Christopher Lee
60%
Q Desmond Llewelyn
51%
Q John Cleese
47%
Jaws Richard Kiel
47%
Miss Moneypenny Lois Maxwell
45%
M Bernard Lee
43%
Blofeld Telly Savalas
42%
Orlov (Octopussy) Steven Berkoff
29%
No matching quizzes found
Score Distribution
Percent of People with Each Score
Percentile by Number Answered
Your Score History
You have not taken this quiz